000 00510cam a2200169 4500500
005 20260405000934.0
041 _afre
042 _adc
100 1 0 _aHabib, Claude
_eauthor
245 0 0 _aAung San Suu KYI, la grâce
260 _c2010.
500 _a88
690 _aAung San Suu KYI
690 _aBeauté
786 0 _nPhilosophie magazine | 40 | 6 | 2010-06-01 | p. 25-25 | 1951-1787
856 4 1 _uhttps://shs.cairn.info/magazine-philosophie-magazine-2010-6-page-25?lang=fr&redirect-ssocas=7080
999 _c2042369
_d2042369